000 00757nam a2200241Ia 4500
003 OSt
005 20220925201738.0
006 a|||||r|||| 00| 0
007 ta
008 220923b |||||||| |||| 00| 0 eng d
037 _cGeneral Book
040 _aRTL
_cRTL
_beng
041 _2eng
_aeng
082 _aY49(J741).2.N8, M5
100 _aMukherjee Indrani
_9137537
245 0 _aIndustrial workers in a developing society
_b A socioological study
260 _aDelhi
_bMittal Pub.
_c1985
300 _axvi, 174p
_ccm.
500 _aBibliography: p 165-170
650 _aJute Planatation Workers Occupational Sociology
_9262331
942 _hY49(J741).2.N8, M5
_cGB
_2CC
999 _c541057
_d541057